Načítá se...
Ente Kadha /
| Hlavní autor: | |
|---|---|
| Médium: | Printed Book |
| Jazyk: | Malayalam |
| Vydáno: |
Kendra Sahithya Academy ,
1961.
|
| LEADER | 00490nam a2200145Ia 4500 | ||
|---|---|---|---|
| 008 | 150624b xxu||||| |||| 00| | mal d | ||
| 082 | |a 928.94811S | ||
| 100 | |a Swaminadha Iyer | ||
| 245 | |c Swaminadha Iyer |a Ente Kadha / | ||
| 260 | |b Kendra Sahithya Academy , |c 1961. | ||
| 300 | |a 363 p. | ||
| 546 | |a In Malayalam. | ||
| 942 | |c BK | ||
| 999 | |c 71592 |d 71592 | ||
| 952 | |0 0 |1 0 |4 0 |6 928_000000000000000_94811S_ENT |7 0 |9 71561 |a UL |b UL |c ST1 |d 1998-08-28 |l 1 |o 928.94811S ENT |p 1577 |r 2017-07-18 |s 2017-06-20 |w 2012-10-27 |y BK | ||